| 000 | 00000nam 2200000zi 4500 |
| 001 | 9.929956 |
| 003 | CaOODSP |
| 005 | 20240404102106 |
| 006 | m o d f |
| 007 | cr cn||||||||| |
| 008 | 231103s2016####onca o f|0| 0 eng d |
| 040 | |aCaOODSP|beng|erda|cCaOODSP |
| 043 | |an-cn--- |
| 086 | 1 |aIu134-46/2013E-PDF |
| 245 | 00|a5 must-watch trends shaping the future of Canadian business. |
| 246 | 3 |aFive must-watch trends shaping the future of Canadian business |
| 264 | 1|a[Ottawa] : |bBDC, |c[2016] |
| 300 | |a1 online resource (1 unnumbered page) : |billustrations |
| 336 | |atext|btxt|2rdacontent |
| 337 | |acomputer|bc|2rdamedia |
| 338 | |aonline resource|bcr|2rdacarrier |
| 500 | |aCaption title. |
| 500 | |aIssued also in French under title: 5 tendances à surveiller pour l’avenir des entreprises canadiennes. |
| 520 | |a"Advances in technology, changing demographics and the global recession have helped shape new consumer behaviours. Small and medium-sized enterprises (SMEs) must adapt to the new reality to benefit from the opportunities that await"--Page [1]. |
| 650 | 0|aConsumers|zCanada|xAttitudes. |
| 650 | 0|aBusiness enterprises|zCanada|xPublic opinion. |
| 650 | 0|aPublic opinion|zCanada. |
| 710 | 2 |aBusiness Development Bank of Canada, |eissuing body. |
| 775 | 08|t5 tendances à surveiller pour l’avenir des entreprises canadiennes.|w(CaOODSP)9.929957 |
| 856 | 40|qPDF|s784 KB|uhttps://publications.gc.ca/collections/collection_2024/bdc/Iu134-46-2013-eng.pdf |